000 00574nam a22001577a 4500
003 OSt
008 260629b |||||||| |||| 00| 0 eng d
020 _a9789394023185
082 _a632.1
_bC45I
100 _aChand, Subhash
245 _aImpact of Global Climate Change on Agriculture/ by Subhash Chand
260 _aNew Delhi:
_bInternational Books & Periodicals Supply Service,
_c2023.
300 _axvi, 274 p.
650 _aTechnology (Applied Sciences) | Agriculture and Related Technologies | Agriculture | Environmental Aspects | Climate Change
942 _2ddc
_cBK
999 _c52449
_d52449